000 00468nam a2200157Ia 4500
008 151213s9999 xx 000 0 und d
100 _aLanny A. Samover Richard E.Porter Jr.
245 _aInter-cultural Communication
_cLanny A. Samover Richard E.Porter Jr.
250 _a7th
260 _aCalifornia
_bWards Warth
_c1994
300 _a2955 p.
650 _aBusiness
650 _aCommunication
700 _aLanny A. Samover Richard E.Porter Jr.
999 _c2042
_d2042